000 00426nab a2200145Ia 4500
003 ES-SlBCS
005 20210601130410.0
008 140529s1973 xxu||||| |||| 00| 0 fre d
041 _afre
100 1 _aDomenach, Jean-Marie
_917584
245 0 0 _aLe requiem structuraliste
_c Jean-Marie Doménach
600 1 4 _aLévi-Strauss, Claude
_995705
773 0 _tEsprit
_gvol. 41, nº. 421, 1973, págs. 692-703
_wRev1438
942 _cAR
999 _c545983
_d545983